MARC

LEADER 00000nam0a2200000 4500
001 367523
005 20231102012006.0
035 |a (RuTPU)RU\TPU\retro\24886 
090 |a 367523 
100 |a 20220316d1980 km y0rusy50 ca 
101 0 |a rus 
102 |a RU 
105 |a a z 001zy 
200 1 |a Контроль качества монтажных и сварочных работ на АЭС  |f В. В. Гирнис, П. М. Корольков 
210 |a Москва  |c Энергия  |d 1980 
215 |a 96 с.  |c ил. 
225 1 |a Библиотека тепломонтажника 
320 |a Библиогр.: с. 93-94 
606 1 |a Атомные электрические станции  |x Оборудование  |x Монтаж  |2 stltpush  |3 (RuTPU)RU\TPU\subj\29748  |9 53016 
610 1 |a монтажные работы 
610 1 |a сварочные работы 
610 1 |a контроль 
610 1 |a контрольные операции 
610 1 |a особенности 
675 |a 621.311.25:621.039.002.72  |v 4 
700 1 |a Гирнис  |b В. В.  |g Владислав Викентьевич 
701 1 |a Корольков  |b П. М.  |g Петр Мстиславович 
801 1 |a RU  |b 63413507  |c 20220316 
942 |c BK